[Event "Republica Checa-ch 2006"]
[Site "Brno CZE"]
[Date "2006.02.13"]
[Round "7.4"]
[White "Bernasek, Jan"]
[Black "Konopka, Michal"]
[Result "1-0"]
[WhiteElo "2446"]
[BlackElo "2489"]
[PlyCount "57"]
[EventDate "2006.02.07"]
[EventType "tourn"]
[EventRounds "11"]
[EventCountry "CZE"]
[EventCategory "10"]
[Source "lmi"]
[SourceDate "2006.02.18"]

1. d4 Nf6 2. c4 g6 3. f3 d5 4. cxd5 Nxd5 5. e4 Nb6 6. Nc3 Bg7 7. Be3 O-O 8. Qd2
Nc6 9. O-O-O e5 10. d5 Nd4 11. f4 Bg4 12. Re1 c5 13. fxe5 Bxe5 14. h3 Qh4 15.
Bd3 f5 16. Bg5 Qh5 17. exf5 Bg3 18. hxg4 Qxh1 19. Rf1 Rae8 20. Ne4 Nc4 21. Bxc4
Rxe4 22. d6+ Kh8 23. d7 Nc6 24. Bf6+ Rxf6 25. d8=Q+ Nxd8 26. Qxd8+ Kg7 27. Qg8+
Kh6 28. g5+ Kxg5 29. Nf3+ 1-0

[Event "Republica Checa-ch 2006"]
[Site "Brno CZE"]
[Date "2006.02.13"]
[Round "7.5"]
[White "Jansa, Vlastimil"]
[Black "Polak, Tomas"]
[Result "1/2-1/2"]
[WhiteElo "2521"]
[BlackElo "2485"]
[PlyCount "51"]
[EventDate "2006.02.07"]
[EventType "tourn"]
[EventRounds "11"]
[EventCountry "CZE"]
[EventCategory "10"]
[Source "lmi"]
[SourceDate "2006.02.18"]

1. e4 d5 2. exd5 Qxd5 3. Nc3 Qa5 4. d4 c6 5. Nf3 Bf5 6. Ne5 Nf6 7. g4 Be6 8.
Bg2 Nbd7 9. Nxd7 Bxd7 10. g5 Nd5 11. Bd2 Nxc3 12. bxc3 Qa6 13. Rb1 Bf5 14. Qf3
Be6 15. Qg3 O-O-O 16. Be4 Bc4 17. Bd3 Bxd3 18. cxd3 Qxa2 19. O-O Qxd2 20. Rxb7
Kxb7 21. Rb1+ Kc8 22. Rb8+ Kd7 23. Rxd8+ Kxd8 24. Qb8+ Kd7 25. Qb7+ Kd8 26.
Qb8+ 1/2-1/2

[Event "Republica Checa-ch 2006"]
[Site "Brno CZE"]
[Date "2006.02.13"]
[Round "7.6"]
[White "Kalod, Radek"]
[Black "Simacek, Pavel"]
[Result "1-0"]
[WhiteElo "2502"]
[BlackElo "2480"]
[PlyCount "53"]
[EventDate "2006.02.07"]
[EventType "tourn"]
[EventRounds "11"]
[EventCountry "CZE"]
[EventCategory "10"]
[Source "lmi"]
[SourceDate "2006.02.18"]

1. e4 c5 2. Nf3 d6 3. c3 Nf6 4. Be2 Nc6 5. d4 cxd4 6. cxd4 Nxe4 7. d5 Qa5+ 8.
Nc3 Nxc3 9. bxc3 Nd8 10. O-O e6 11. c4 Be7 12. Nd4 O-O 13. Nb5 Bd7 14. Bd2 Qb6
15. Be3 Qa5 16. a4 a6 17. Bd2 Qb6 18. c5 dxc5 19. a5 Qxb5 20. Bxb5 Bxb5 21. Re1
Bf6 22. Rc1 exd5 23. Rxc5 d4 24. Rf5 Ne6 25. Rxf6 gxf6 26. Bh6 Kh8 27. Qf3 1-0

[Event "Republica Checa-ch 2006"]
[Site "Brno CZE"]
[Date "2006.02.14"]
[Round "8.3"]
[White "Konopka, Michal"]
[Black "Jansa, Vlastimil"]
[Result "0-1"]
[WhiteElo "2489"]
[BlackElo "2521"]
[PlyCount "110"]
[EventDate "2006.02.07"]
[EventType "tourn"]
[EventRounds "11"]
[EventCountry "CZE"]
[EventCategory "10"]
[Source "lmi"]
[SourceDate "2006.02.18"]

1. Nf3 g6 2. c4 Bg7 3. Nc3 c5 4. g3 Nc6 5. Bg2 e5 6. O-O Nge7 7. a3 O-O 8. Rb1
a5 9. Ne1 d6 10. Nc2 Be6 11. Ne3 Qd7 12. Ned5 Bxd5 13. Nxd5 Nxd5 14. Bxd5 Rab8
15. d3 Ne7 16. Bg2 b5 17. Bd2 bxc4 18. dxc4 a4 19. b4 axb3 20. Rxb3 Qg4 21.
Rxb8 Rxb8 22. Ba5 Nf5 23. e4 Qxd1 24. Rxd1 Nd4 25. Bc7 Rb7 26. Bd8 Bf8 27. a4
Be7 28. Bxe7 Rxe7 29. Ra1 Ra7 30. Ra2 Kf8 31. Bh3 Ke7 32. f4 f6 33. Bg4 Kd8 34.
Kf1 Kc7 35. a5 f5 36. exf5 gxf5 37. Bh5 exf4 38. gxf4 Ne6 39. Bf7 Nxf4 40. Rf2
Ng6 41. Rxf5 Rxa5 42. Bd5 Ra1+ 43. Kf2 Ne5 44. Rh5 Ng4+ 45. Kf3 Nf6 46. Rh6
Nxd5 47. cxd5 Rd1 48. Rxh7+ Kb6 49. h4 c4 50. Rh8 Kc5 51. h5 Kxd5 52. Kg2 Re1
53. Rg8 Re5 54. h6 Rh5 55. Rg6 c3 0-1

[Event "Republica Checa-ch 2006"]
[Site "Brno CZE"]
[Date "2006.02.14"]
[Round "8.5"]
[White "Laznicka, Viktor"]
[Black "Stocek, Jiri"]
[Result "1-0"]
[WhiteElo "2525"]
[BlackElo "2580"]
[PlyCount "89"]
[EventDate "2006.02.07"]
[EventType "tourn"]
[EventRounds "11"]
[EventCountry "CZE"]
[EventCategory "10"]
[Source "lmi"]
[SourceDate "2006.02.18"]

1. e4 c5 2. Nf3 d6 3. Bb5+ Nd7 4. d4 Ngf6 5. Nc3 a6 6. Bxd7+ Nxd7 7. O-O e6 8.
d5 e5 9. a4 Be7 10. Nd2 O-O 11. Nc4 Nb6 12. Ne3 Bd7 13. Nf5 Nc8 14. f4 Bf6 15.
fxe5 Bxe5 16. Bf4 Bxf5 17. exf5 Bd4+ 18. Kh1 Re8 19. Qd3 Nb6 20. a5 Nd7 21.
Bxd6 Ne5 22. Bxe5 Rxe5 23. Qc4 Qd6 24. Rae1 Rae8 25. Rxe5 Rxe5 26. Na4 Qxd5 27.
Qxd5 Rxd5 28. Nb6 Rd8 29. Rd1 Re8 30. c3 Bf6 31. g3 Re5 32. Nc4 Rxf5 33. Rd7
Rf1+ 34. Kg2 Ra1 35. Rxb7 h5 36. Rc7 Rc1 37. Rc6 Rc2+ 38. Kf3 h4 39. Rxa6 Rxh2
40. Ra8+ Kh7 41. a6 Rh1 42. a7 Ra1 43. gxh4 Ra6 44. Na3 Bxc3 45. Nb5 1-0

[Event "Republica Checa-ch 2006"]
[Site "Brno CZE"]
[Date "2006.02.14"]
[Round "8.6"]
[White "Jirovsky, Milos"]
[Black "Blatny, Pavel"]
[Result "1/2-1/2"]
[WhiteElo "2476"]
[BlackElo "2483"]
[PlyCount "84"]
[EventDate "2006.02.07"]
[EventType "tourn"]
[EventRounds "11"]
[EventCountry "CZE"]
[EventCategory "10"]
[Source "lmi"]
[SourceDate "2006.02.18"]

1. d4 b6 2. e4 Bb7 3. Bd3 Nf6 4. Qe2 Nc6 5. c3 e5 6. Nf3 d6 7. O-O Be7 8. Nbd2
O-O 9. Rd1 exd4 10. Nxd4 Nd7 11. Nxc6 Bxc6 12. Nb3 Bb7 13. Bf4 Bg5 14. Qg4 Bxf4
15. Qxf4 Qe7 16. f3 Rae8 17. Bb5 a6 18. Bxd7 Qxd7 19. Nd4 Qe7 20. Rd2 Qe5 21.
Qxe5 Rxe5 22. c4 g6 23. Kf2 Rfe8 24. Rc1 a5 25. b3 Kf8 26. Rcd1 h5 27. h4 Rc5
28. Rc2 Rce5 29. a3 Bc8 30. Nb5 R8e7 31. Rd5 R5e6 32. Rd3 Re5 33. Rd5 R5e6 34.
Nd4 Rf6 35. Kg3 Bb7 36. Rb5 c5 37. Ne2 d5 38. cxd5 Ba6 39. Nc3 Rd6 40. Kf4 Rf6+
41. Ke3 Rd6 42. Kf4 Rf6+ 1/2-1/2

[Event "Republica Checa-ch 2006"]
[Site "Brno CZE"]
[Date "2006.02.15"]
[Round "9.2"]
[White "Stocek, Jiri"]
[Black "Jirovsky, Milos"]
[Result "1/2-1/2"]
[WhiteElo "2580"]
[BlackElo "2476"]
[PlyCount "100"]
[EventDate "2006.02.07"]
[EventType "tourn"]
[EventRounds "11"]
[EventCountry "CZE"]
[EventCategory "10"]
[Source "lmi"]
[SourceDate "2006.02.18"]

1. d4 d5 2. c4 e6 3. Nf3 Nf6 4. Nc3 Nbd7 5. Bf4 Bb4 6. cxd5 exd5 7. e3 c6 8. a3
Be7 9. h3 Ne4 10. Bd3 Ndf6 11. Qc2 Nxc3 12. bxc3 O-O 13. O-O Bd6 14. Ne5 Qe7
15. a4 c5 16. Rab1 h6 17. Rb2 Qc7 18. Bf5 Re8 19. Rfb1 Rb8 20. Bxc8 Qxc8 21.
Nd3 Bxf4 22. Nxf4 Re7 23. Qd1 c4 24. a5 Rd7 25. Rb5 Rd6 26. R1b2 b6 27. Qb1 Qd8
28. Qf5 Rb7 29. axb6 Rbxb6 30. Rxb6 Rxb6 31. Ra2 a6 32. g4 g6 33. Qe5 g5 34.
Ne2 Re6 35. Qf5 Ne4 36. Rb2 Kg7 37. Rb7 Rf6 38. Qe5 Nd2 39. Rb8 Nf3+ 40. Kg2
Nxe5 41. Rxd8 Nd3 42. f4 Rb6 43. fxg5 Rb2 44. gxh6+ Kxh6 45. Rd6+ Kg7 46. Kf3
Ne1+ 47. Kf2 Nd3+ 48. Kf3 Ne1+ 49. Kf2 Nd3+ 50. Kf3 Ne1+ 1/2-1/2

[Event "Republica Checa-ch 2006"]
[Site "Brno CZE"]
[Date "2006.02.15"]
[Round "9.3"]
[White "Bernasek, Jan"]
[Black "Laznicka, Viktor"]
[Result "1/2-1/2"]
[WhiteElo "2446"]
[BlackElo "2525"]
[PlyCount "116"]
[EventDate "2006.02.07"]
[EventType "tourn"]
[EventRounds "11"]
[EventCountry "CZE"]
[EventCategory "10"]
[Source "lmi"]
[SourceDate "2006.02.18"]

1. d4 Nf6 2. c4 e6 3. Nc3 Bb4 4. e3 O-O 5. Bd3 c5 6. Nf3 cxd4 7. exd4 d5 8. O-O
dxc4 9. Bxc4 b6 10. Bg5 Bxc3 11. bxc3 Nbd7 12. Qe2 Qc7 13. Rac1 Bb7 14. Bd3 Ng4
15. Be4 Bxe4 16. Qxe4 Ngf6 17. Qe2 Rac8 18. c4 h6 19. Bd2 Rfe8 20. Rfe1 Qb7 21.
Rc3 Qa6 22. a3 Qa4 23. Rec1 b5 24. cxb5 Rxc3 25. Bxc3 Qxa3 26. Bb2 Qa5 27. Ra1
Qb6 28. h3 Rb8 29. Bc1 Nd5 30. Be3 Rb7 31. Ra6 Nc3 32. Qc4 Qxb5 33. Qc8+ Kh7
34. Ra1 Nd5 35. Qc2+ f5 36. Bd2 Rc7 37. Qd1 N7f6 38. Ne5 Qb2 39. Be1 Nf4 40.
Nf3 N6d5 41. Rb1 Qc2 42. Qxc2 Rxc2 43. Ra1 Rc7 44. Bd2 g5 45. Kh2 Kg7 46. Ra6
Kf6 47. Ne5 Ne2 48. Ba5 Nb6 49. Nf3 Rb7 50. Bb4 g4 51. hxg4 fxg4 52. Ne5 g3+
53. fxg3 Nxd4 54. Nf3 e5 55. Bc3 Nc6 56. g4 Ke6 57. Kg3 Kd5 58. Bxe5 Nxe5
1/2-1/2

[Event "Republica Checa-ch 2006"]
[Site "Brno CZE"]
[Date "2006.02.15"]
[Round "9.4"]
[White "Jansa, Vlastimil"]
[Black "Voloshin, Leonid"]
[Result "1/2-1/2"]
[WhiteElo "2521"]
[BlackElo "2466"]
[PlyCount "97"]
[EventDate "2006.02.07"]
[EventType "tourn"]
[EventRounds "11"]
[EventCountry "CZE"]
[EventCategory "10"]
[Source "lmi"]
[SourceDate "2006.02.18"]

1. e4 e5 2. Nf3 Nc6 3. Bb5 Nf6 4. O-O Nxe4 5. Re1 Nd6 6. Nxe5 Be7 7. Bf1 Nxe5
8. Rxe5 O-O 9. Nc3 Bf6 10. Re1 Nf5 11. Nd5 c6 12. Nxf6+ Qxf6 13. c3 d5 14. d4
Nd6 15. Qh5 h6 16. Qe5 Qxe5 17. Rxe5 Re8 18. Rxe8+ Nxe8 19. Bf4 Nf6 20. f3 Be6
21. Kf2 Kf8 22. b3 Ke7 23. h3 g5 24. Bg3 Nd7 25. h4 f5 26. hxg5 hxg5 27. f4 Nf6
28. Bd3 gxf4 29. Bxf4 Ne4+ 30. Bxe4 fxe4 31. Rh1 Rf8 32. Ke3 Rg8 33. g3 Rg7 34.
Rh6 a6 35. a4 Bg8 36. a5 Rh7 37. Bg5+ Kd7 38. Rg6 Bf7 39. Rf6 Be6 40. Kf4 Rf7
41. Rxf7+ Bxf7 42. Kf5 Be6+ 43. Ke5 Bg4 44. Kf4 Bd1 45. Kf5 Bxb3 46. g4 Bd1 47.
Bf4 Ke7 48. g5 Kf7 49. g6+ 1/2-1/2

[Event "Republica Checa-ch 2006"]
[Site "Brno CZE"]
[Date "2006.02.15"]
[Round "9.5"]
[White "Kalod, Radek"]
[Black "Konopka, Michal"]
[Result "1-0"]
[WhiteElo "2502"]
[BlackElo "2489"]
[PlyCount "91"]
[EventDate "2006.02.07"]
[EventType "tourn"]
[EventRounds "11"]
[EventCountry "CZE"]
[EventCategory "10"]
[Source "lmi"]
[SourceDate "2006.02.18"]

1. d4 d5 2. c4 e6 3. Nc3 Be7 4. Nf3 Nf6 5. e3 O-O 6. Bd3 b6 7. O-O Bb7 8. b3 c5
9. Bb2 cxd4 10. exd4 Nc6 11. Rc1 Rc8 12. Re1 Qd6 13. c5 bxc5 14. dxc5 Qxc5 15.
Ne4 Qa5 16. Nxf6+ Bxf6 17. Bxh7+ Kxh7 18. Bxf6 gxf6 19. Ng5+ Kh6 20. Qf3 Ne5
21. Qxf6+ Ng6 22. Nxf7+ Rxf7 23. Qxf7 Rxc1 24. Rxc1 Qd2 25. Ra1 Qc3 26. Rd1 Qc2
27. Re1 Bc8 28. Qxa7 e5 29. Qe3+ Kg7 30. Rc1 Qf5 31. Rc7+ Bd7 32. h4 Kf7 33.
Qh6 Ke8 34. Qh7 Nf4 35. Qxf5 Bxf5 36. f3 d4 37. Kf2 d3 38. Rc1 Ne2 39. Rc5 Kd7
40. Rxe5 Nc3 41. Ke3 Bh7 42. Rc5 Nxa2 43. Ra5 d2 44. Kxd2 Bb1 45. Rxa2 Bxa2 46.
Kc2 1-0

[Event "Republica Checa-ch 2006"]
[Site "Brno CZE"]
[Date "2006.02.15"]
[Round "9.6"]
[White "Simacek, Pavel"]
[Black "Polak, Tomas"]
[Result "1/2-1/2"]
[WhiteElo "2480"]
[BlackElo "2485"]
[PlyCount "44"]
[EventDate "2006.02.07"]
[EventType "tourn"]
[EventRounds "11"]
[EventCountry "CZE"]
[EventCategory "10"]
[Source "lmi"]
[SourceDate "2006.02.18"]

1. e4 d5 2. exd5 Qxd5 3. Nc3 Qa5 4. d4 c6 5. Nf3 Bf5 6. Bc4 e6 7. O-O Nf6 8.
Re1 Bb4 9. Bd2 O-O 10. a3 Bxc3 11. Bxc3 Qc7 12. b3 Nbd7 13. Bb2 Rfd8 14. Bf1 b5
15. Qe2 Rab8 16. Ne5 Nxe5 17. dxe5 Nd5 18. Rad1 a5 19. Rd2 b4 20. Red1 Qe7 21.
axb4 axb4 22. g3 Ra8 1/2-1/2

[Event "Republica Checa-ch 2006"]
[Site "Brno CZE"]
[Date "2006.02.16"]
[Round "10.1"]
[White "Cvek, Robert"]
[Black "Polak, Tomas"]
[Result "1/2-1/2"]
[WhiteElo "2498"]
[BlackElo "2485"]
[PlyCount "31"]
[EventDate "2006.02.07"]
[EventType "tourn"]
[EventRounds "11"]
[EventCountry "CZE"]
[EventCategory "10"]
[Source "lmi"]
[SourceDate "2006.02.18"]

1. Nf3 Nf6 2. c4 e6 3. Nc3 Bb4 4. Qc2 O-O 5. a3 Bxc3 6. Qxc3 b6 7. g3 Bb7 8.
Bg2 d6 9. O-O Nbd7 10. d3 c5 11. Bg5 h6 12. Bxf6 Qxf6 13. Qxf6 Nxf6 14. Nd2
Bxg2 15. Kxg2 Rfb8 16. b4 1/2-1/2

[Event "Republica Checa-ch 2006"]
[Site "Brno CZE"]
[Date "2006.02.16"]
[Round "10.2"]
[White "Konopka, Michal"]
[Black "Simacek, Pavel"]
[Result "0-1"]
[WhiteElo "2489"]
[BlackElo "2480"]
[PlyCount "52"]
[EventDate "2006.02.07"]
[EventType "tourn"]
[EventRounds "11"]
[EventCountry "CZE"]
[EventCategory "10"]
[Source "lmi"]
[SourceDate "2006.02.18"]

1. Nf3 Nf6 2. c4 e6 3. g3 d5 4. d4 dxc4 5. Bg2 a6 6. O-O Nc6 7. e3 Bd7 8. a4
Bb4 9. Nbd2 c3 10. bxc3 Bxc3 11. Ba3 Bxa1 12. Qxa1 Ne7 13. Ne5 Rb8 14. Rb1 b6
15. Rc1 O-O 16. Qc3 Re8 17. Ndf3 Ng6 18. Qc2 Nd5 19. Nxg6 hxg6 20. Ne5 a5 21.
Be4 c5 22. dxc5 bxc5 23. Qxc5 Bxa4 24. Qa7 Ne7 25. Rc7 Qd1+ 26. Kg2 Bb5 0-1

[Event "Republica Checa-ch 2006"]
[Site "Brno CZE"]
[Date "2006.02.16"]
[Round "10.3"]
[White "Voloshin, Leonid"]
[Black "Kalod, Radek"]
[Result "1/2-1/2"]
[WhiteElo "2466"]
[BlackElo "2502"]
[PlyCount "20"]
[EventDate "2006.02.07"]
[EventType "tourn"]
[EventRounds "11"]
[EventCountry "CZE"]
[EventCategory "10"]
[Source "lmi"]
[SourceDate "2006.02.18"]

1. Nf3 Nf6 2. g3 b6 3. Bg2 Bb7 4. O-O e6 5. c4 Be7 6. d4 O-O 7. Nc3 d5 8. cxd5
exd5 9. Bf4 a6 10. Rc1 Nbd7 1/2-1/2

[Event "Republica Checa-ch 2006"]
[Site "Brno CZE"]
[Date "2006.02.16"]
[Round "10.5"]
[White "Jirovsky, Milos"]
[Black "Bernasek, Jan"]
[Result "1-0"]
[WhiteElo "2476"]
[BlackElo "2446"]
[PlyCount "85"]
[EventDate "2006.02.07"]
[EventType "tourn"]
[EventRounds "11"]
[EventCountry "CZE"]
[EventCategory "10"]
[Source "lmi"]
[SourceDate "2006.02.18"]

1. Nf3 Nf6 2. c4 g6 3. Nc3 d5 4. cxd5 Nxd5 5. g3 Bg7 6. Bg2 O-O 7. O-O e5 8.
Nxd5 Qxd5 9. d3 c6 10. Qa4 Qd8 11. Bg5 f6 12. Qc4+ Kh8 13. Be3 Nd7 14. Rfd1 Nb6
15. Qc2 Re8 16. Bc5 Be6 17. a4 Nd7 18. Be3 a5 19. Nd2 Qe7 20. Nc4 Bd5 21. Bd2
Bxg2 22. Kxg2 b6 23. Bc3 Qe6 24. b3 c5 25. e4 h5 26. Qe2 Bh6 27. h4 Kh7 28. Rf1
Bg7 29. Rae1 Qc6 30. f4 f5 31. Qf3 exf4 32. Bxg7 Kxg7 33. gxf4 Qf6 34. Kh3 fxe4
35. dxe4 Rad8 36. e5 Qf5+ 37. Kg3 Rf8 38. e6 Nf6 39. e7 Rd3 40. exf8=Q+ Kxf8
41. Re3 Ne4+ 42. Kh2 Nd2 43. Qa8+ 1-0

[Event "Republica Checa-ch 2006"]
[Site "Brno CZE"]
[Date "2006.02.16"]
[Round "10.6"]
[White "Blatny, Pavel"]
[Black "Stocek, Jiri"]
[Result "1/2-1/2"]
[WhiteElo "2483"]
[BlackElo "2580"]
[PlyCount "141"]
[EventDate "2006.02.07"]
[EventType "tourn"]
[EventRounds "11"]
[EventCountry "CZE"]
[EventCategory "10"]
[Source "lmi"]
[SourceDate "2006.02.18"]

1. e4 e5 2. Nf3 Nc6 3. d4 exd4 4. Nxd4 Nf6 5. Nxc6 bxc6 6. Bd3 d6 7. Nc3 Be7 8.
Ne2 O-O 9. O-O Re8 10. Ng3 Bf8 11. c3 c5 12. c4 Rb8 13. Qc2 Ng4 14. f3 Ne5 15.
Be2 Nc6 16. Bd1 a5 17. Bd2 Nb4 18. Qb1 Re6 19. Ba4 Bd7 20. Bxd7 Qxd7 21. Bc3 g6
22. Qc1 h5 23. Rd1 Kh7 24. Qd2 Bh6 25. Qf2 Qe7 26. Nf1 a4 27. a3 Nc6 28. Ne3
Nd4 29. Nd5 Qd8 30. Rab1 Rb3 31. Re1 c6 32. Ne3 Bg5 33. Nc2 Bh4 34. g3 Bf6 35.
Nxd4 cxd4 36. Bxd4 Bxd4 37. Qxd4 Rxf3 38. Rf1 Rxf1+ 39. Rxf1 Qe7 40. c5 dxc5
41. Qxa4 h4 42. Qc4 Kg8 43. Re1 Qg5 44. Qc1 Qd8 45. Qxc5 Rd6 46. gxh4 Rd2 47.
Qg5 Qd4+ 48. Qe3 Qxb2 49. Qg3 Qd4+ 50. Kh1 Rd3 51. Qf4 Rxa3 52. Rf1 Qg7 53. h5
g5 54. Qb8+ Kh7 55. h6 Qg6 56. Qe8 Ra7 57. Qe5 Qxh6 58. Rf3 g4 59. Qf5+ Qg6 60.
Qxg6+ Kxg6 61. Rc3 Kg5 62. Rxc6 Kf4 63. Rf6+ Kxe4 64. h3 Ke5 65. Rf2 g3 66. Rf3
f5 67. Rxg3 Ke4 68. Kg2 Ra2+ 69. Kf1 f4 70. Rb3 f3 71. Rb8 1/2-1/2

[Event "Republica Checa-ch 2006"]
[Site "Brno CZE"]
[Date "2006.02.17"]
[Round "11.1"]
[White "Stocek, Jiri"]
[Black "Cvek, Robert"]
[Result "1/2-1/2"]
[WhiteElo "2580"]
[BlackElo "2498"]
[PlyCount "63"]
[EventDate "2006.02.07"]
[EventType "tourn"]
[EventRounds "11"]
[EventCountry "CZE"]
[EventCategory "10"]
[Source "lmi"]
[SourceDate "2006.02.18"]

1. d4 Nf6 2. c4 e6 3. Nc3 Bb4 4. Qc2 O-O 5. e4 d6 6. Bd3 Nc6 7. Nge2 e5 8. d5
Nd4 9. Nxd4 exd4 10. a3 Bxc3+ 11. bxc3 dxc3 12. O-O Nd7 13. Be3 Ne5 14. Be2 f5
15. exf5 Bxf5 16. Qxc3 Qh4 17. f3 Rae8 18. Rad1 Qf6 19. Qd2 b6 20. Bd4 Qg6 21.
Rf2 Re7 22. Bf1 Rfe8 23. g4 h5 24. h3 hxg4 25. hxg4 Bc2 26. Rc1 Nxf3+ 27. Rxf3
Qxg4+ 28. Kf2 Qh4+ 29. Kg1 Qg4+ 30. Kf2 Qh4+ 31. Kg1 Qg4+ 32. Kf2 1/2-1/2

[Event "Republica Checa-ch 2006"]
[Site "Brno CZE"]
[Date "2006.02.17"]
[Round "11.3"]
[White "Jansa, Vlastimil"]
[Black "Jirovsky, Milos"]
[Result "1-0"]
[WhiteElo "2521"]
[BlackElo "2476"]
[PlyCount "57"]
[EventDate "2006.02.07"]
[EventType "tourn"]
[EventRounds "11"]
[EventCountry "CZE"]
[EventCategory "10"]
[Source "lmi"]
[SourceDate "2006.02.18"]

1. e4 e6 2. d4 d5 3. Nd2 c5 4. Ngf3 cxd4 5. exd5 Qxd5 6. Bc4 Qd6 7. O-O Nf6 8.
Nb3 Nc6 9. Nbxd4 Nxd4 10. Nxd4 a6 11. Bb3 Qc7 12. Qf3 Bd6 13. h3 O-O 14. Bg5
Bh2+ 15. Kh1 Be5 16. Rad1 Bd7 17. c3 Rad8 18. Rfe1 h6 19. Bh4 Rfe8 20. Bc2 Bc8
21. Qe2 Bxd4 22. cxd4 b5 23. Rd3 Bb7 24. Bxf6 gxf6 25. Qd2 Rd5 26. Rc3 Qd7 27.
Qxh6 Rg5 28. Bh7+ Kh8 29. Qxf6+ 1-0

[Event "Republica Checa-ch 2006"]
[Site "Brno CZE"]
[Date "2006.02.17"]
[Round "11.4"]
[White "Kalod, Radek"]
[Black "Laznicka, Viktor"]
[Result "0-1"]
[WhiteElo "2502"]
[BlackElo "2525"]
[PlyCount "100"]
[EventDate "2006.02.07"]
[EventType "tourn"]
[EventRounds "11"]
[EventCountry "CZE"]
[EventCategory "10"]
[Source "lmi"]
[SourceDate "2006.02.18"]

1. e4 c5 2. Nf3 e6 3. c3 d5 4. exd5 Qxd5 5. d4 Nf6 6. Be3 cxd4 7. cxd4 Nc6 8.
Nc3 Qd6 9. a3 Be7 10. Bd3 O-O 11. O-O b6 12. Qe2 Bb7 13. Rad1 Rad8 14. Bb1 Rfe8
15. Bg5 Nd5 16. Qd3 g6 17. Ne4 Qc7 18. Rfe1 Bxg5 19. Nfxg5 f6 20. Nf3 Kg7 21.
Ba2 Nce7 22. h4 Nf5 23. g3 Rc8 24. Bb3 Qc6 25. Kh2 Nde3 26. fxe3 Qxe4 27. Qxe4
Bxe4 28. Nd2 Bc2 29. Rc1 Bxb3 30. Nxb3 Rxc1 31. Rxc1 Nxe3 32. Rc7+ Kh6 33. Nd2
Rd8 34. Nf3 Nf5 35. g4 Nxd4 36. g5+ Kh5 37. Nxd4 Rxd4 38. Rxh7+ Kg4 39. gxf6
Rf4 40. f7 Kf3 41. Kh3 e5 42. Rg7 e4 43. Rxg6 e3 44. Rg3+ Kf2 45. Rg2+ Kf1 46.
Kg3 Rxf7 47. Rh2 Ke1 48. h5 e2 49. h6 Kd1 50. Rh1+ e1=Q+ 0-1

[Event "Republica Checa-ch 2006"]
[Site "Brno CZE"]
[Date "2006.02.17"]
[Round "11.5"]
[White "Simacek, Pavel"]
[Black "Voloshin, Leonid"]
[Result "1/2-1/2"]
[WhiteElo "2480"]
[BlackElo "2466"]
[PlyCount "51"]
[EventDate "2006.02.07"]
[EventType "tourn"]
[EventRounds "11"]
[EventCountry "CZE"]
[EventCategory "10"]
[Source "lmi"]
[SourceDate "2006.02.18"]

1. e4 c5 2. Nf3 Nc6 3. d4 cxd4 4. Nxd4 e5 5. Nb5 d6 6. c4 Be7 7. b3 a6 8. N5c3
Nf6 9. Bd3 O-O 10. O-O Be6 11. Na3 Nb4 12. Nc2 Nxc2 13. Qxc2 Rc8 14. a4 Nd7 15.
Rd1 Nc5 16. Be3 Bg5 17. Bxg5 Qxg5 18. Bf1 Qe7 19. a5 Bd7 20. Nd5 Qd8 21. Be2
Rb8 22. Qb1 Ne6 23. Bg4 Nd4 24. Bxd7 Qxd7 25. Rd3 Kh8 26. Qd1 1/2-1/2

[Event "Republica Checa-ch 2006"]
[Site "Brno CZE"]
[Date "2006.02.17"]
[Round "11.6"]
[White "Polak, Tomas"]
[Black "Konopka, Michal"]
[Result "1/2-1/2"]
[WhiteElo "2485"]
[BlackElo "2489"]
[PlyCount "140"]
[EventDate "2006.02.07"]
[EventType "tourn"]
[EventRounds "11"]
[EventCountry "CZE"]
[EventCategory "10"]
[Source "lmi"]
[SourceDate "2006.02.18"]

1. Nf3 Nf6 2. c4 e6 3. Nc3 d5 4. d4 Be7 5. Qc2 O-O 6. cxd5 exd5 7. Bg5 g6 8. e3
Bf5 9. Qb3 Nbd7 10. Be2 Nb6 11. O-O c6 12. a4 a5 13. Ne5 Kg7 14. Rac1 Ra7 15.
Rfd1 Nbd7 16. Bf4 Qb6 17. Qa2 Nxe5 18. Bxe5 Kg8 19. h3 Raa8 20. Bf3 Rad8 21.
Ne2 Ne8 22. b3 f6 23. Bh2 Bd6 24. Nf4 Nc7 25. Kh1 Rfe8 26. Bg4 Bxg4 27. hxg4
Ne6 28. Nd3 Bxh2 29. Kxh2 Ng5 30. Re1 Re4 31. f3 Re7 32. Rb1 Qc7+ 33. Kh1 Qg3
34. b4 axb4 35. Rxb4 Rde8 36. Qd2 h5 37. Qf2 h4 38. Rb3 Qc7 39. Nf4 Kg7 40. Qc2
Qxf4 41. exf4 Rxe1+ 42. Kh2 R8e2 43. Rxb7+ Kh8 44. Qxe2 Rxe2 45. fxg5 fxg5 46.
Rc7 Ra2 47. Rxc6 Kg7 48. Rd6 Rxa4 49. Rxd5 Kf6 50. Rd6+ Kf7 51. g3 Ra2+ 52. Kh3
hxg3 53. Kxg3 Rd2 54. Rd5 Kf6 55. Rd6+ Kf7 56. d5 Kg7 57. Rd7+ Kf6 58. Kh3 Ke5
59. Re7+ Kf6 60. Re6+ Kf7 61. Rd6 Kg7 62. Rd8 Kf7 63. d6 Ke6 64. Rg8 Kf7 65.
Rd8 Ke6 66. Re8+ Kf6 67. Rf8+ Ke6 68. f4 Rd3+ 69. Kg2 gxf4 70. Rxf4 Ke5 1/2-1/2